| 000 | 00000nam 2200000zi 4500 |
| 001 | 9.919605 |
| 003 | CaOODSP |
| 005 | 20240129153656 |
| 006 | m o d f |
| 007 | cr mn||||||||| |
| 008 | 230130t20232023onca ob f000 0 fre d |
| 020 | |a9780660473444 |
| 040 | |aCaOODSP|bfre|erda|cCaOODSP |
| 043 | |an-cn--- |
| 045 | |ay1y2 |
| 086 | 1 |aFA1-27/2023-1-1F-PDF |
| 110 | 1 |aCanada. |bBureau du vérificateur général, |eauteur, |eorganisme de publication. |
| 245 | 14|aLes transports accessibles aux personnes en situation de handicap : |brapport de l'auditeur indépendant. |
| 264 | 1|a[Ottawa] : |bBureau du vérificateur général du Canada = Office of the Auditor General of Canada, |c2023. |
| 264 | 4|c©2023 |
| 300 | |a1 ressource en ligne (vi, 35 pages) : |billustrations en couleur. |
| 336 | |atexte|btxt|2rdacontent/fre |
| 337 | |ainformatique|bc|2rdamedia/fre |
| 338 | |aressource en ligne|bcr|2rdacarrier/fre |
| 490 | 1 |aRapports de la vérificatrice générale du Canada au Parlement du Canada, |x2561-3456 ; |vrapport 1 |
| 500 | |aPublié aussi en anglais sous le titre : Accessible transportation for persons report with disabilities : independent auditor's report. |
| 504 | |aComprend des références bibliographiques. |
| 520 | |a« Le présent rapport de certification indépendant sur les transports accessibles aux personnes en situation de handicap a été préparé par le Bureau du vérificateur général du Canada. Notre responsabilité était de donner de l'information, une assurance et des avis objectifs au Parlement en vue de l'aider à examiner soigneusement la gestion que fait le gouvernement des ressources et des programmes et d’exprimer une conclusion quant à la conformité des mesures visant à identifier, à éliminer et à prévenir les obstacles à l'accessibilité des transports pour les personnes en situation de handicap, dans tous ses aspects importants, aux critères applicables. … L'objectif de l'audit consistait à déterminer si VIA Rail, l'Administration canadienne de la sûreté du transport aérien et l'Office des transports du Canada avaient identifié et éliminé les obstacles existants et s'ils avaient Ĺ“uvré à la prévention d'obstacles à l'accessibilité des transports pour les personnes en situation de handicap » -- À propos de l'audit, page 26. |
| 610 | 26|aVIA Rail Canada|xAudit. |
| 610 | 26|aAdministration canadienne de la sûreté du transport aérien|xAudit. |
| 610 | 26|aOffice des transports du Canada|xAudit. |
| 650 | 6|aTransport|xAccessibilité aux personnes handicapées|zCanada. |
| 650 | 6|aPersonnes handicapées|xTransport|zCanada. |
| 650 | 6|aPersonnes handicapées|xServices|zCanada. |
| 775 | 08|tAccessible transportation for persons with disabilities : |w(CaOODSP)9.919604 |
| 830 | #0|aRapports du vérificateur général du Canada au Parlement du Canada ;|vrapport 1.|w(CaOODSP)9.846693 |
| 856 | 40|qPDF|s1.20 Mo|uhttps://publications.gc.ca/collections/collection_2023/bvg-oag/FA1-27-2023-1-1-fra.pdf |
| 856 | 4 |qHTML|sS.O.|uhttps://www.oag-bvg.gc.ca/internet/Francais/att__f_44224.html |